[Event "XI C.to Italiano U20"]
[Site "Bratto - Castione della Presolana ITA"]
[Date "2003.08.29"]
[Round "9"]
[White "Nardi, Marco"]
[Black "Xia, Jie"]
[Result "0-1"]
[WhiteElo "1774"]
[BlackElo "1597"]
[PlyCount "106"]
[EventDate "2003.08.21"]

1. e4 c5 2. Nc3 d6 3. g3 b6 4. Bg2 Bb7 5. d3 g6 6. Be3 Bg7 7. Qd2 Nf6 8. Bh6
O-O 9. Bxg7 Kxg7 10. Nge2 Qd7 11. f4 Nc6 12. h3 Ne8 13. g4 Nc7 14. Ng3 Nd4 15.
Nce2 Nxe2 16. Qxe2 Qb5 17. c3 d5 18. O-O Rad8 19. Rad1 Qa4 20. f5 c4 21. e5
cxd3 22. Qe3 h6 23. e6 Qc6 24. f6+ exf6 25. e7 Rfe8 26. exd8=Q Rxe3 27. Nh1 Re2
28. Rf2 Ba6 29. Rxe2 dxe2 30. Re1 Qc5+ 31. Kh2 Ne6 32. Qxd5 Qc7+ 33. Kg1 Nf4
34. Qd4 Nxg2 35. Kxg2 Bb7+ 36. Kf2 Qh2+ 37. Ke3 Bxh1 38. Rxe2 Qxh3+ 39. Kd2 Qh4
40. Re7 Qg5+ 41. Kc2 Qa5 42. a3 Bc6 43. Qb4 Qd5 44. Rxa7 Qg2+ 45. Kb3 b5 46. a4
bxa4+ 47. Rxa4 Qf1 48. Ra5 Bf3 49. Ka2 Qe1 50. Rc5 Be4 51. Rc8 Bd5+ 52. b3 Qe2+
53. Kb1 Be4+ 0-1

[Event "XI C.to Italiano U20"]
[Site "Bratto - Castione della Presolana ITA"]
[Date "2003.08.29"]
[Round "9"]
[White "Pagan, Andrea"]
[Black "Bonagura, Stefano"]
[Result "0-1"]
[WhiteElo "1603"]
[BlackElo "1579"]
[PlyCount "70"]
[EventDate "2003.08.21"]

1. d4 Nf6 2. c4 g6 3. Nc3 Bg7 4. e4 d6 5. Be2 O-O 6. Be3 Nbd7 7. h3 e5 8. d5
Ne8 9. Qc2 f5 10. Nf3 Ndf6 11. Bd3 fxe4 12. Nxe4 Nxe4 13. Bxe4 Nf6 14. Bd3 Qe8
15. Nd2 Nh5 16. O-O Nf4 17. Be4 Qe7 18. Nf3 Bf5 19. Rfe1 Qf6 20. Bxf4 Bxe4 21.
Rxe4 exf4 22. Re6 Qf5 23. Qb3 Rab8 24. Rae1 Bf6 25. g4 fxg3 26. fxg3 Qxh3 27.
R6e2 Qxg3+ 28. Kh1 Bg7 29. Nd4 Qh4+ 30. Rh2 Qxe1+ 31. Kg2 Qf1+ 32. Kg3 Be5+ 33.
Kg4 Qf4+ 34. Kh3 Qxh2+ 35. Kg4 Rf4+ 0-1

[Event "XI C.to Italiano U20"]
[Site "Bratto - Castione della Presolana ITA"]
[Date "2003.08.29"]
[Round "9"]
[White "Piscopo, Pierluigi"]
[Black "Berni, Giorgio"]
[Result "1/2-1/2"]
[WhiteElo "2319"]
[BlackElo "2219"]
[PlyCount "166"]
[EventDate "2003.08.21"]

1. e4 c5 2. Nf3 e6 3. d4 cxd4 4. Nxd4 Nf6 5. Nc3 d6 6. g4 h6 7. Bg2 Nc6 8. h3
Bd7 9. Nde2 a6 10. O-O b5 11. a3 Rc8 12. f4 Qb6+ 13. Kh2 Be7 14. Qd3 g5 15. Be3
Qc7 16. Kg1 gxf4 17. Bxf4 Ne5 18. Qg3 Bc6 19. Rf2 Nfd7 20. Nd4 Ba8 21. Rd1 Rb8
22. Bf1 Nc4 23. Bc1 Nde5 24. b3 Na5 25. a4 b4 26. Nce2 h5 27. gxh5 Bxe4 28. Nf4
Kd7 29. Ng2 Rbg8 30. Qxe5 dxe5 31. Nb5+ Kc8 32. Nxc7 Bc5 33. Nxa6 Bxf2+ 34.
Kxf2 Bxc2 35. Re1 Rxh5 36. Ne3 Bxb3 37. Bd2 Bxa4 38. Ra1 Nb3 39. Rxa4 Nxd2 40.
Bg2 b3 41. Rb4 e4 42. Ke2 Rxg2+ 43. Nxg2 Rxh3 44. Kxd2 Rh2 45. Rb8+ Kd7 46. Rg8
e3+ 47. Kc3 e2 48. Nc5+ Kd6 49. Nd3 Rh3 50. Rb8 e5 51. Kd2 f5 52. Kxe2 f4 53.
Ngxf4 exf4 54. Rxb3 Re3+ 55. Kf2 Re4 56. Kf3 Ra4 57. Nxf4 Ke5 58. Re3+ Kf5 59.
Nd3 Ra3 60. Re5+ Kf6 61. Rd5 Ke6 62. Rd8 Kf5 63. Rf8+ Ke6 64. Ke4 Ra4+ 65. Ke3
Ra3 66. Rb8 Kd5 67. Rb5+ Kc6 68. Rh5 Ra4 69. Nb2 Rb4 70. Nd3 Ra4 71. Kd2 Ra3
72. Kc2 Kd6 73. Rh3 Ra4 74. Kb3 Rd4 75. Kc3 Rg4 76. Rh5 Rg3 77. Kd4 Rg4+ 78.
Ke3 Ra4 79. Nf4 Ra3+ 80. Ke4 Ra4+ 81. Kf3 Ra3+ 82. Kg4 Ra4 83. Rf5 Rc4 1/2-1/2

[Event "XI C.to Italiano U20"]
[Site "Bratto - Castione della Presolana ITA"]
[Date "2003.08.29"]
[Round "9"]
[White "Procacci, Sergio"]
[Black "Campanella, Giovanni"]
[Result "1-0"]
[WhiteElo "1551"]
[BlackElo "1549"]
[PlyCount "119"]
[EventDate "2003.08.21"]

1. c4 Nf6 2. Nc3 c5 3. g3 d5 4. cxd5 Nxd5 5. Bg2 Nc7 6. Nf3 Nc6 7. b3 e5 8. Bb2
Be7 9. O-O O-O 10. d3 Bd7 11. Rc1 f6 12. a3 Rb8 13. Ne4 b6 14. e3 f5 15. Ned2
Bf6 16. Nc4 Qe7 17. d4 e4 18. Nfe5 Nxe5 19. dxe5 Bg5 20. h4 Bh6 21. Qd6 Qxd6
22. exd6 Ne8 23. Rfd1 g6 24. Bf1 Rd8 25. a4 Be6 26. Rd2 Bg7 27. Bxg7 Kxg7 28.
Rcd1 Bd7 29. Ne5 Kf6 30. f4 exf3 31. Nxf3 Kg7 32. Bg2 Nf6 33. Ne5 Rfe8 34. Nc4
Ne4 35. Bxe4 Rxe4 36. Kf2 Bxa4 37. Ra1 Bxb3 38. Rxa7+ Kf6 39. Nxb6 Be6 40. Rxh7
c4 41. Rc7 Ke5 42. d7 c3 43. Rxc3 Rb4 44. Rc8 Rxb6 45. Rxd8 Rd6 46. Rxd6 Kxd6
47. Rg8 Kxd7 48. Rxg6 Ke7 49. Rxe6+ Kxe6 50. Kf3 Kf6 51. Kf4 Kg6 52. e4 fxe4
53. Kxe4 Kh5 54. Kf5 Kh6 55. g4 Kg7 56. Ke6 Kg6 57. h5+ Kh6 58. Kf6 Kh7 59. g5
Kg8 60. g6 1-0

[Event "XI C.to Italiano U20"]
[Site "Bratto - Castione della Presolana ITA"]
[Date "2003.08.29"]
[Round "9"]
[White "Pulito, Alberto"]
[Black "Bove, Alessandro"]
[Result "1-0"]
[WhiteElo "2058"]
[BlackElo "2129"]
[PlyCount "51"]
[EventDate "2003.08.21"]

1. e4 e5 2. Nf3 Nc6 3. Nc3 Nf6 4. Bb5 Bb4 5. O-O O-O 6. d3 d6 7. Bg5 Bxc3 8.
bxc3 Qe7 9. Re1 Nd8 10. d4 c6 11. Bf1 Bg4 12. h3 Bh5 13. Rb1 Ne6 14. Bc1 Qc7
15. Ba3 Rfe8 16. dxe5 Bxf3 17. gxf3 dxe5 18. Bd6 Qa5 19. Bb4 Qc7 20. Bd6 Qa5
21. Bb4 Qxa2 22. Ra1 Qb2 23. Bc4 Rad8 24. Qe2 Nf4 25. Qf1 Rd2 26. Ra2 1-0

[Event "XI C.to Italiano U20"]
[Site "Bratto - Castione della Presolana ITA"]
[Date "2003.08.29"]
[Round "9"]
[White "Reduzzi, Maurizio"]
[Black "Kidane, Robel"]
[Result "1/2-1/2"]
[WhiteElo "1749"]
[BlackElo "2045"]
[PlyCount "44"]
[EventDate "2003.08.21"]

1. d4 Nf6 2. Nf3 d5 3. c4 g6 4. g3 Bg7 5. Bg2 O-O 6. O-O c5 7. dxc5 Na6 8. c6
bxc6 9. Nc3 e6 10. Qa4 Bb7 11. Nd4 Nc5 12. Qa3 Nfd7 13. Be3 Qc7 14. cxd5 cxd5
15. Rac1 Qb6 16. Nb3 d4 17. Bxd4 Bxg2 18. Bxg7 Nxb3 19. Qxb3 Qxb3 20. axb3 Kxg7
21. Kxg2 Rfb8 22. Rfd1 Nc5 1/2-1/2

[Event "XI C.to Italiano U20"]
[Site "Bratto - Castione della Presolana ITA"]
[Date "2003.08.29"]
[Round "9"]
[White "Reginato, Mauro"]
[Black "Hellweger, Stefan"]
[Result "1-0"]
[WhiteElo "1453"]
[BlackElo "1576"]
[PlyCount "73"]
[EventDate "2003.08.21"]

1. e4 d6 2. d4 Nd7 3. c4 c5 4. Nf3 g6 5. Be2 Bg7 6. O-O cxd4 7. Nxd4 Ngf6 8.
Nc3 O-O 9. Be3 b6 10. Qd2 Bb7 11. f3 Rc8 12. Rfd1 Ne5 13. b3 Nc6 14. Nc2 Nd7
15. Rab1 Nc5 16. b4 Nd7 17. c5 Nce5 18. f4 Nc6 19. cxd6 exd6 20. Nb5 Ndb8 21.
Nxd6 Rc7 22. Nxb7 Qxd2 23. Rxd2 Rxb7 24. b5 Na5 25. Rbd1 Rc7 26. e5 Rfc8 27.
Nb4 Nc4 28. Rd8+ Bf8 29. Rxc8 Rxc8 30. Bxc4 Bxb4 31. Bb3 Be7 32. g4 Kf8 33. f5
Rd8 34. Rf1 Nd7 35. fxg6 Nxe5 36. Bh6+ Kg8 37. Bxf7+ 1-0

[Event "XI C.to Italiano U20"]
[Site "Bratto - Castione della Presolana ITA"]
[Date "2003.08.29"]
[Round "9"]
[White "Rombaldoni, Denis"]
[Black "Navarro, Stefano"]
[Result "0-1"]
[WhiteElo "2064"]
[BlackElo "2125"]
[PlyCount "122"]
[EventDate "2003.08.21"]

1. d4 d5 2. Nf3 Nf6 3. c4 e6 4. Nc3 c6 5. e3 Nbd7 6. Qc2 Be7 7. Bd3 O-O 8. O-O
Qc7 9. Bd2 dxc4 10. Bxc4 e5 11. Rac1 Bd6 12. b4 a6 13. Qb3 exd4 14. exd4 Nb6
15. Bg5 Nxc4 16. Bxf6 Nb6 17. Bh4 Be6 18. Qc2 f6 19. Rfe1 Bd5 20. b5 Bxf3 21.
gxf3 Bxh2+ 22. Kg2 Bf4 23. Bg3 Bxg3 24. fxg3 cxb5 25. Qf5 Qf7 26. Qc5 Na4 27.
Nxa4 bxa4 28. Re7 Qxa2+ 29. Rc2 Qb3 30. Rc3 Qb5 31. Qc7 Qg5 32. f4 Qd5+ 33. Kh2
Qh5+ 34. Kg1 Qg4 35. Qc4+ Kh8 36. Rxb7 Rac8 37. Rc7 Rxc7 38. Qxc7 Qd1+ 39. Kh2
Qxd4 40. Qc4 Qxc4 41. Rxc4 a3 42. Ra4 Ra8 43. Rxa3 a5 44. Ra4 Kg8 45. Kg2 Kf7
46. Kf3 Ke6 47. Ke4 Kd6 48. Kd4 Kc6 49. Kc3 Kb5 50. Rd4 a4 51. Kb2 a3+ 52. Ka2
Ra7 53. Rd1 Kc4 54. Rd8 Re7 55. g4 Re2+ 56. Kxa3 Rg2 57. g5 fxg5 58. f5 Rf2 59.
Rf8 Kd5 60. Rf7 h5 61. Rxg7 Rxf5 0-1

[Event "XI C.to Italiano U20"]
[Site "Bratto - Castione della Presolana ITA"]
[Date "2003.08.29"]
[Round "9"]
[White "Stirpe, Claudio"]
[Black "Buchicchio, Alessandro"]
[Result "1/2-1/2"]
[WhiteElo "1668"]
[BlackElo "1785"]
[PlyCount "48"]
[EventDate "2003.08.21"]

1. d4 Nf6 2. c4 g6 3. Nc3 Bg7 4. e4 d6 5. f3 O-O 6. Be3 e5 7. d5 Nh5 8. Qd2 f5
9. O-O-O Nd7 10. Bd3 Nc5 11. Qc2 fxe4 12. fxe4 Nf6 13. h3 b6 14. Nge2 Bd7 15.
Kb1 a5 16. b3 Qb8 17. a4 Rd8 18. g4 c6 19. Ng3 cxd5 20. exd5 Rf8 21. Rhf1 Qc7
22. Bh6 Qd8 23. Bxg7 Kxg7 24. g5 Ng8 1/2-1/2

[Event "XI C.to Italiano U20"]
[Site "Bratto - Castione della Presolana ITA"]
[Date "2003.08.29"]
[Round "9"]
[White "Trazzi, Enrico"]
[Black "Bonarrigo, Marco"]
[Result "1-0"]
[WhiteElo "1600"]
[BlackElo "1765"]
[PlyCount "51"]
[EventDate "2003.08.21"]

1. d4 d5 2. c4 e6 3. Nc3 Nf6 4. Bg5 Nbd7 5. Nf3 c6 6. e3 Qa5 7. Bxf6 Nxf6 8. a3
Ne4 9. Qc2 Bb4 10. Rc1 Bxc3+ 11. bxc3 Qxa3 12. Bd3 Nf6 13. O-O O-O 14. c5 Qa5
15. Ra1 Qc7 16. Ne5 h6 17. f4 Bd7 18. g4 b6 19. Qg2 bxc5 20. g5 hxg5 21. fxg5
Ne4 22. Bxe4 dxe4 23. g6 fxg6 24. Nxg6 Rxf1+ 25. Rxf1 Be8 26. Rf8+ 1-0

[Event "XI C.to Italiano U20"]
[Site "Bratto - Castione della Presolana ITA"]
[Date "2003.08.29"]
[Round "9"]
[White "Valsecchi, Alessio"]
[Black "Navarro, Tommaso"]
[Result "1/2-1/2"]
[WhiteElo "1600"]
[BlackElo "1513"]
[PlyCount "100"]
[EventDate "2003.08.21"]

1. c4 e5 2. Nc3 Nf6 3. g3 Bb4 4. Bg2 O-O 5. d3 h6 6. Nf3 Re8 7. Bd2 c6 8. O-O
d5 9. cxd5 Nxd5 10. Nxd5 Bxd2 11. Nxd2 cxd5 12. Qb3 Be6 13. Qxb7 Nd7 14. Bxd5
Rb8 15. Qc6 Rc8 16. Qd6 Rc2 17. Nc4 Bxd5 18. Qxd5 Qe7 19. e4 Nb6 20. Nxb6 axb6
21. Qb3 Qc7 22. Qa3 Kh7 23. b3 Rc8 24. Rad1 Qb7 25. Qd6 f6 26. a4 Qa7 27. Qe6
Rd8 28. Rc1 Qc7 29. Rxc2 Qxc2 30. Qxb6 Rxd3 31. b4 Qxa4 32. Qa5 Qc6 33. b5 Qxe4
34. b6 Rb3 35. Qc5 Rb2 36. Qc7 Qb4 37. Kg2 Qxb6 38. Qxb6 Rxb6 39. f4 h5 40.
fxe5 fxe5 41. Re1 Re6 42. Kf3 Kg6 43. Ke4 Re8 44. Rf1 Kg5 45. Rf5+ Kg4 46. h3+
Kxh3 47. Rxh5+ Kg4 48. Rxe5 Rxe5+ 49. Kxe5 Kxg3 50. Kf5 Kh4 1/2-1/2

[Event "XI C.to Italiano U20"]
[Site "Bratto - Castione della Presolana ITA"]
[Date "2003.08.29"]
[Round "9"]
[White "Vignoli, Matteo"]
[Black "Longo, Aldo"]
[Result "0-1"]
[WhiteElo "1600"]
[BlackElo "1677"]
[PlyCount "42"]
[EventDate "2003.08.21"]

1. e4 e5 2. Nf3 Nc6 3. Bb5 a6 4. Ba4 Nf6 5. O-O d6 6. Bxc6+ bxc6 7. d3 Be7 8.
b3 O-O 9. Bb2 g6 10. Nbd2 c5 11. h3 Nh5 12. Nh2 Nf4 13. Kh1 f5 14. f3 Bh4 15.
Nc4 Nh5 16. Nxe5 dxe5 17. Bxe5 Ng3+ 18. Bxg3 Bxg3 19. Rg1 Be5 20. Rb1 Qd6 21.
Nf1 Bd4 0-1

[Event "XI C.to Italiano U20"]
[Site "Bratto - Castione della Presolana ITA"]
[Date "2003.08.29"]
[Round "9"]
[White "Visentin, Lorenzo"]
[Black "Oblak, Mitja"]
[Result "0-1"]
[WhiteElo "1600"]
[BlackElo "1500"]
[PlyCount "146"]
[EventDate "2003.08.21"]

1. d4 d5 2. c4 c6 3. Nc3 dxc4 4. a4 a6 5. e4 b5 6. axb5 cxb5 7. Nxb5 Bb7 8. Nc3
Nf6 9. f3 Qc7 10. Qa4+ Qc6 11. Qxc4 e6 12. Be3 Be7 13. Bd3 O-O 14. Nge2 Rc8 15.
Qxc6 Nxc6 16. O-O Nb4 17. Rfd1 Rd8 18. Na2 Nxd3 19. Rxd3 Rac8 20. Nac3 Rc4 21.
Rad1 Rb4 22. R3d2 Rb3 23. Nc1 Rb4 24. d5 exd5 25. exd5 Bd6 26. N1e2 Rh4 27. Ng3
Re8 28. Bg5 Rb4 29. Nf5 Bf4 30. Bxf4 Rxf4 31. Nd6 Rb8 32. Nxb7 Rxb7 33. d6 Rd7
34. Rc2 Rc4 35. Rcd2 Rc6 36. Nd5 Nxd5 37. Rxd5 f6 38. f4 Rb6 39. R1d2 g6 40. g4
f5 41. gxf5 gxf5 42. Rxf5 Rdxd6 43. Rg2+ Rg6 44. Rxg6+ hxg6 45. Rg5 Kf7 46. Rg2
Kf6 47. Rf2 Kf5 48. Kg2 Rb4 49. Kg3 Rb3+ 50. Kg2 Rb4 51. h3 Rxf4 52. Rxf4+ Kxf4
53. Kf2 g5 54. Kg2 a5 55. Kf2 a4 56. Ke2 Kg3 57. Kd3 Kxh3 58. Kc4 g4 59. Kb4 g3
60. Kxa4 g2 61. b4 g1=Q 62. Ka5 Qa7+ 63. Kb5 Qb7+ 64. Ka5 Kg4 65. b5 Kf5 66. b6
Ke6 67. Kb5 Kd5 68. Kb4 Qxb6+ 69. Kc3 Qd4+ 70. Kc2 Kc4 71. Kb1 Qf2 72. Ka1 Kc3
73. Kb1 Qb2# 0-1

[Event "XI C.to Italiano U20"]
[Site "Bratto - Castione della Presolana ITA"]
[Date "2003.08.29"]
[Round "9"]
[White "Waldner, Mirko"]
[Black "Stromboli, Carlo"]
[Result "1-0"]
[WhiteElo "2067"]
[BlackElo "1744"]
[PlyCount "45"]
[EventDate "2003.08.21"]

1. d4 d5 2. c4 e6 3. Nc3 Nf6 4. Nf3 Be7 5. Bf4 c6 6. e3 Qa5 7. Qc2 Nbd7 8. Bg5
Bb4 9. Nd2 dxc4 10. Bxf6 Nxf6 11. Bxc4 O-O 12. O-O e5 13. Nf3 exd4 14. exd4 Bf5
15. Qb3 b5 16. Bxf7+ Kh8 17. Ne5 Bxc3 18. bxc3 Qc7 19. Be6 Ne4 20. Rfe1 Nd6 21.
Re3 Bxe6 22. Qxe6 Rae8 23. Ng6+ 1-0